Gerontology and Geriatric Medicine | SAGE Publishing

Dades bibliogràfiques
Format: Electrònic Revista
Idioma:English
Publicat: Cambridge University Press
Accés en línia:Full text available on Research4Life (HINARI,AGORA,OARE,ARDI & GOALI)
LEADER 00761cas a2200169 a 4500
001 AALejournalResearch4Life011859
008 240902c9999 xx r poo 0 0eng d
022 |a 23337214 
040 |a BD-DhAAL  |c BD-DhAAL 
245 0 0 |h [electronic resource]  |a Gerontology and Geriatric Medicine | SAGE Publishing 
260 |b Cambridge University Press 
300 |a 1 online resource 
362 0 |a 2015 - current issue 
500 |a <strong>On-Campus Access Only (IP based access)</strong> 
506 |a Electronic access restricted to authorized BRAC University faculty, staff and students 
538 |a Mode of access: Internet 
856 4 0 |z Full text available on Research4Life (HINARI,AGORA,OARE,ARDI & GOALI)  |u https://login.research4life.org/tacsgr1journals_sagepub_com/home/ggm